[Event "Sparkassen-Open J"]
[Site "Heusenstamm, Martinsee"]
[Date "2018.11.24"]
[Round "3.14"]
[White "Grebe, Sabrina"]
[Black "Bangiev, Katharina"]
[Result "0-1"]
[WhiteElo "901"]
[BlackElo "1003"]
[PlyCount "114"]
[EventDate "2018.??.??"]
[WhiteTeam "SC Heusenstamm"]
[BlackTeam "Sz Bemerode"]

1. e4 d6 2. Nf3 Nf6 3. Bc4 g6 4. h3 Bg7 5. O-O O-O 6. Nc3 Nc6 7. d3 h6 8. Re1
e5 9. d4 Re8 10. d5 Ne7 11. b3 c6 12. Ba3 Qa5 13. Nb1 b5 14. Bd3 b4 15. Bb2
cxd5 16. exd5 Nexd5 17. a3 Qc5 18. axb4 Nxb4 19. c3 Nxd3 20. Qxd3 e4 21. b4 Qc7
22. Qb5 Bd7 23. Qa5 Qxa5 24. bxa5 exf3 25. Rxe8+ Rxe8 26. gxf3 Bxh3 27. Kh2 Bf5
28. Nd2 Re2 29. Nc4 Bd3 30. Nxd6 Rxf2+ 31. Kg1 Rxb2 32. Rd1 Rb1 33. Rxb1 Bxb1
34. a6 Nd5 35. c4 Bd4+ 36. Kg2 Nb4 37. Nb5 Bc5 38. Nc7 h5 39. Kh3 g5 40. Ne8 f5
41. Nf6+ Kg7 42. Nxh5+ Kg6 43. Ng3 Bd6 44. Ne2 Kh5 45. Kg2 Nxa6 46. Kf2 Nc5 47.
Nd4 Kh4 48. Kg2 a5 49. Nc6 a4 50. Na5 a3 51. Nc6 a2 52. Kf2 a1=Q 53. Kg2 Qb2+
54. Kf1 Kg3 55. Ke1 Kxf3 56. Kd1 Qc2+ 57. Ke1 Qe2# 0-1

[Event "Sparkassen-Open J"]
[Site "Heusenstamm, Martinsee"]
[Date "2018.11.24"]
[Round "3.15"]
[White "Matsoukas, Konstantinos"]
[Black "GÃ¤rtner, Johannes"]
[Result "0-1"]
[WhiteElo "866"]
[BlackElo "1077"]
[PlyCount "88"]
[EventDate "2018.??.??"]
[WhiteTeam "Frankfurter TV"]
[BlackTeam "SF Heidesheim"]

1. e4 e6 2. c4 Nf6 3. Nc3 Bc5 4. Nf3 c6 5. d4 Bb4 6. e5 Ne4 7. Qd3 Nxc3 8. bxc3
Be7 9. Be2 O-O 10. O-O d5 11. exd6 Bxd6 12. c5 Bc7 13. Qe4 Nd7 14. Rb1 Nf6 15.
Qe3 Nd5 16. Qe4 Nxc3 17. Qc2 Nxb1 18. Qxb1 Re8 19. Bb2 b6 20. cxb6 Bxb6 21. Bc4
Rb8 22. Bc3 Bb7 23. Re1 c5 24. Qd1 Bxf3 25. gxf3 cxd4 26. Bb2 Qg5+ 27. Kf1 Qh4
28. Kg1 Bc7 29. Bxd4 Bxh2+ 30. Kg2 Bf4 31. Rh1 Qg5+ 32. Kf1 Rec8 33. Rg1 Qf5
34. Rxg7+ Kf8 35. Bd3 Qh3+ 36. Ke2 e5 37. Rxh7 Qe6 38. Ba1 Qxa2+ 39. Ke1 Rc1
40. Rh8+ Kg7 41. Rxb8 Qd2+ 42. Kf1 Qxd3+ 43. Kg2 Rxd1 44. Bb2 Qf1# 0-1

[Event "Sparkassen-Open J"]
[Site "Heusenstamm, Martinsee"]
[Date "2018.11.24"]
[Round "3.16"]
[White "Heuberger, Sandra"]
[Black "Bako, Isabella"]
[Result "1-0"]
[WhiteElo "1055"]
[BlackElo "820"]
[PlyCount "47"]
[EventDate "2018.??.??"]
[WhiteTeam "SV RÃ¼dersdorf"]
[BlackTeam "TSV Langenau"]

1. d4 d5 2. c4 dxc4 3. e3 Be6 4. Nc3 Nf6 5. Nf3 Nbd7 6. Be2 g6 7. O-O Bg7 8. e4
c5 9. e5 cxd4 10. Qxd4 Ng4 11. Bxc4 Bxc4 12. Qxc4 Ndxe5 13. Nxe5 Bxe5 14. Qxg4
Qc7 15. Nd5 Kd8 16. Nxc7 Kxc7 17. Qc4+ Kd8 18. Rd1+ Bd6 19. Bg5 Ke8 20. Qb5+
Kf8 21. Rac1 a6 22. Qc4 h6 23. Qd4 hxg5 24. Qxh8# 1-0

[Event "Sparkassen-Open J"]
[Site "Heusenstamm, Martinsee"]
[Date "2018.11.24"]
[Round "3.17"]
[White "Kuchta, Maksim"]
[Black "Spelleken, Mark"]
[Result "1-0"]
[WhiteElo "1023"]
[BlackElo "814"]
[PlyCount "37"]
[EventDate "2018.??.??"]
[WhiteTeam "SC Heusenstamm"]
[BlackTeam "SC Kahl"]

1. e4 e5 2. Nf3 g6 3. Nxe5 Bg7 4. Nf3 Nf6 5. Bc4 O-O 6. O-O d5 7. exd5 Nxd5 8.
d3 Bf5 9. Be3 Re8 10. Bd4 f6 11. Nc3 c6 12. Re1 Rxe1+ 13. Qxe1 Kf8 14. Bc5+ Kf7
15. Nxd5 cxd5 16. Bxd5+ Qxd5 17. Qe7+ Kg8 18. Qe8+ Bf8 19. Qxf8# 1-0

[Event "Sparkassen-Open J"]
[Site "Heusenstamm, Martinsee"]
[Date "2018.11.24"]
[Round "3.18"]
[White "Culha, Merve"]
[Black "Trenz, Finn"]
[Result "0-1"]
[WhiteElo "812"]
[BlackElo "1023"]
[PlyCount "22"]
[EventDate "2018.??.??"]
[WhiteTeam "SC Heusenstamm"]
[BlackTeam "SK Gau-Algesheim"]

1. e4 e5 2. Nf3 Nc6 3. Bc4 Bc5 4. Nc3 Nf6 5. O-O d6 6. d3 Bg4 7. Bg5 Nd4 8. g3
Nxf3+ 9. Kh1 Nxg5 10. Qd2 Bf3+ 11. Kg1 Nh3# 0-1

[Event "Sparkassen-Open J"]
[Site "Heusenstamm, Martinsee"]
[Date "2018.11.24"]
[Round "3.19"]
[White "Gruiosu, Paul Gabriel"]
[Black "Pessotschinski, Lars"]
[Result "0-1"]
[WhiteElo "793"]
[BlackElo "1563"]
[PlyCount "128"]
[EventDate "2018.??.??"]
[WhiteTeam "SG Trier"]
[BlackTeam "TuS Makkabi"]

1. e4 c5 2. Nf3 d6 3. Nc3 g6 4. h3 Bg7 5. Bc4 Nf6 6. d3 O-O 7. O-O Nc6 8. Bg5
Bd7 9. Bd5 Nxd5 10. Nxd5 Rb8 11. Rb1 Be6 12. Re1 f6 13. Bf4 Bxd5 14. exd5 Nb4
15. a3 Nxd5 16. Bg3 f5 17. c4 Nf6 18. d4 Ne4 19. Bh2 Qb6 20. Nd2 Nxd2 21. Qxd2
cxd4 22. Rec1 Rfc8 23. Qb4 Qxb4 24. axb4 e5 25. c5 dxc5 26. bxc5 Rd8 27. b4 d3
28. f3 d2 29. Rf1 e4 30. Kf2 Bh6 31. f4 Rd4 32. Ke3 Rbd8 33. Rfd1 Rd3+ 34. Ke2
e3 35. b5 R8d5 36. c6 bxc6 37. bxc6 Rc3 38. Rb8+ Bf8 39. Rb7 Rxc6 40. Kxe3 Bc5+
41. Ke2 Re6+ 42. Kf1 a5 43. Rb5 a4 44. Bg1 Rc6 45. Bxc5 Rcxc5 46. Rxc5 Rxc5 47.
Rxd2 Ra5 48. g4 a3 49. Ra2 Kf7 50. g5 Ra4 51. Kg2 Ke6 52. Kf2 Rxf4+ 53. Ke3 Ra4
54. Kf3 Ke5 55. h4 f4 56. Re2+ Kf5 57. Ra2 Ke5 58. Re2+ Kd5 59. Rd2+ Kc5 60.
Rc2+ Kb4 61. Rc7 a2 62. Rb7+ Ka3 63. Rxh7 a1=Q 64. Rg7 Qxg7 0-1

[Event "Sparkassen-Open J"]
[Site "Heusenstamm, Martinsee"]
[Date "2018.11.24"]
[Round "3.20"]
[White "Moldenhauer, Nils"]
[Black "Lukes, Alexander"]
[Result "1-0"]
[WhiteElo "1019"]
[BlackElo "1021"]
[PlyCount "69"]
[EventDate "2018.??.??"]
[WhiteTeam "SV Oberursel"]
[BlackTeam "SK MÃ¼nchen SÃ¼dost"]

1. e4 e6 2. Nf3 d5 3. e5 c5 4. d4 Nc6 5. Bb5 Bd7 6. Nc3 Nh6 7. Bg5 Be7 8. Bxe7
Qxe7 9. O-O Nf5 10. Ne2 O-O 11. h3 h5 12. c3 a6 13. Bd3 c4 14. Bxf5 exf5 15.
Nf4 Be6 16. Nxh5 Bd7 17. Nf4 Be6 18. Ne2 b5 19. Ng3 g6 20. a3 a5 21. Qc2 b4 22.
axb4 axb4 23. b3 cxb3 24. Qxb3 bxc3 25. Qxc3 Rfc8 26. Rxa8 Nd8 27. Rxc8 Bxc8
28. Qxc8 Kg7 29. Qa8 Ne6 30. Qxd5 Nf4 31. Qc4 f6 32. exf6+ Qxf6 33. d5 Qd6 34.
Qd4+ Kh6 35. Qh8# 1-0

[Event "Sparkassen-Open J"]
[Site "Heusenstamm, Martinsee"]
[Date "2018.11.24"]
[Round "4.1"]
[White "Althaus, Lennart"]
[Black "Lorenz, Alexander"]
[Result "1/2-1/2"]
[WhiteElo "1488"]
[BlackElo "1748"]
[PlyCount "81"]
[EventDate "2018.??.??"]
[WhiteTeam "TV-GroÃŸostheim"]
[BlackTeam "SV Bergwinkel"]

1. c4 c5 2. Nc3 Nc6 3. g3 g6 4. Bg2 Bg7 5. d3 Nf6 6. Nf3 O-O 7. O-O d6 8. a3
Bf5 9. Bf4 a6 10. Re1 Re8 11. Rb1 Rc8 12. b4 cxb4 13. axb4 Qb6 14. Be3 Qd8 15.
b5 axb5 16. Rxb5 Qc7 17. Qb3 Rb8 18. Rb1 Na5 19. Qb2 Nxc4 20. dxc4 Bxb1 21.
Qxb1 Qxc4 22. Qb3 Rec8 23. Qxc4 Rxc4 24. Nd5 Nxd5 25. Rxd5 b5 26. Nd4 b4 27.
Nb3 Rc3 28. Rd3 Rbc8 29. Bd2 Rxd3 30. exd3 Rc2 31. Bf3 Bc3 32. Bd1 Rxd2 33.
Nxd2 Bxd2 34. g4 f6 35. Bb3+ Kg7 36. h3 g5 37. Kg2 Kg6 38. Be6 h5 39. Kf3 hxg4+
40. hxg4 Kg7 41. Ke4 1/2-1/2

[Event "Sparkassen-Open J"]
[Site "Heusenstamm, Martinsee"]
[Date "2018.11.24"]
[Round "4.2"]
[White "Fuchs, Henrik"]
[Black "Schweizer, Michael"]
[Result "1-0"]
[WhiteElo "1163"]
[BlackElo "1498"]
[PlyCount "105"]
[EventDate "2018.??.??"]
[WhiteTeam "SC Bad Soden"]
[BlackTeam "TuS Makkabi"]

1. d4 c6 2. c4 d5 3. cxd5 cxd5 4. Nf3 Bf5 5. Nc3 Nf6 6. Bf4 e6 7. e3 Bd6 8.
Bxd6 Qxd6 9. Bb5+ Nbd7 10. O-O O-O 11. h3 Nb6 12. Nh4 Be4 13. Nxe4 Nxe4 14. Bd3
Nf6 15. Nf3 Rac8 16. Ne5 Nbd7 17. Nxd7 Qxd7 18. Rc1 Rxc1 19. Qxc1 Rc8 20. Qb1
Qc7 21. f3 h6 22. Rf2 Nd7 23. Rc2 Qd8 24. Rxc8 Qxc8 25. Qc2 Qxc2 26. Bxc2 Kf8
27. Kf2 Ke7 28. a4 Kd6 29. b4 Kc6 30. Ke2 b5 31. Kd3 Nb6 32. axb5+ Kxb5 33. Kc3
Nc4 34. Bd3 f6 35. f4 g5 36. e4 gxf4 37. h4 Kc6 38. exd5+ exd5 39. Bxc4 dxc4
40. Kxc4 a6 41. d5+ Kb6 42. h5 Kb7 43. Kc5 Kc7 44. d6+ Kd7 45. Kd5 Ke8 46. Kc6
Kd8 47. d7 f5 48. Kd6 f3 49. gxf3 a5 50. b5 f4 51. b6 a4 52. b7 a3 53. b8=Q#
1-0

[Event "Sparkassen-Open J"]
[Site "Heusenstamm, Martinsee"]
[Date "2018.11.24"]
[Round "4.3"]
[White "Riemann, Adrian"]
[Black "Bauer, Laura Sophie"]
[Result "1-0"]
[WhiteElo "933"]
[BlackElo "1366"]
[PlyCount "111"]
[EventDate "2018.??.??"]
[WhiteTeam "SK Bickenbach"]
[BlackTeam "SC Postbauer-Heng"]

1. e4 c5 2. Nf3 e6 3. d4 cxd4 4. Nxd4 Nf6 5. e5 Nd5 6. Bc4 Bc5 7. c3 a5 8. Nd2
Nc6 9. Ne4 Nxd4 10. cxd4 Bb4+ 11. Bd2 Bxd2+ 12. Qxd2 O-O 13. O-O f5 14. exf6
Nxf6 15. Qe3 Nxe4 16. Qxe4 d5 17. Qd3 dxc4 18. Qxc4 Qg5 19. Rad1 Kh8 20. Rd3 b5
21. Qc7 g6 22. Rh3 h5 23. Rg3 Qf6 24. Rf3 Qd8 25. Qe5+ Rf6 26. Rxf6 Kg8 27.
Rxg6+ Kf7 28. Qg7+ Ke8 29. Rh6 Qe7 30. Rh8+ Kd7 31. Rh7 Qxg7 32. Rxg7+ Kd6 33.
Rg5 b4 34. f4 Ba6 35. Rf2 Rc8 36. g4 h4 37. f5 h3 38. Rf4 Rc1+ 39. Kf2 Rc2+ 40.
Kg3 exf5 41. Rfxf5 Rg2+ 42. Kxh3 Re2 43. Rf6+ Re6 44. Rxe6+ Kxe6 45. Rg6+ Kd5
46. Rxa6 Kxd4 47. g5 Kd3 48. g6 Kc2 49. g7 b3 50. Rxa5 bxa2 51. g8=Q Kxb2 52.
Qxa2+ Kc3 53. Ra4 Kd3 54. Qb3+ Kd2 55. Ra2+ Kc1 56. Qc2# 1-0

[Event "Sparkassen-Open J"]
[Site "Heusenstamm, Martinsee"]
[Date "2018.11.24"]
[Round "4.4"]
[White "Bangiev, Katharina"]
[Black "Willand, Mattis"]
[Result "0-1"]
[WhiteElo "1003"]
[BlackElo "1312"]
[PlyCount "46"]
[EventDate "2018.??.??"]
[WhiteTeam "Sz Bemerode"]
[BlackTeam "SC FK Babenhausen"]

1. e4 c5 2. Nf3 Nc6 3. Bb5 g6 4. Bxc6 dxc6 5. Nc3 Bg7 6. d3 Qb6 7. Be3 Qxb2 8.
Bd2 Bxc3 9. Rb1 Bxd2+ 10. Nxd2 Qxa2 11. Nb3 Qa6 12. O-O Nf6 13. Nxc5 Qa5 14.
Nxb7 Bxb7 15. Rxb7 e6 16. Qb1 O-O 17. Qb2 Kg7 18. Ra1 Qd2 19. g3 Qg5 20. Raxa7
Rxa7 21. Rxa7 Qb5 22. Qc3 Rc8 23. f4 Qb6+ 0-1

[Event "Sparkassen-Open J"]
[Site "Heusenstamm, Martinsee"]
[Date "2018.11.24"]
[Round "4.5"]
[White "Keller, Erik"]
[Black "Bangiev, Anton"]
[Result "1/2-1/2"]
[WhiteElo "1082"]
[BlackElo "1264"]
[PlyCount "35"]
[EventDate "2018.??.??"]
[WhiteTeam "SC Heusenstamm"]
[BlackTeam "Sz Bemerode"]

1. e4 e5 2. Nf3 Nc6 3. Bc4 Bc5 4. c3 Bb6 5. d4 Qf6 6. Be3 d6 7. dxe5 dxe5 8.
Bxb6 axb6 9. O-O Qg6 10. Re1 Nge7 11. Kf1 O-O 12. Bb5 Bg4 13. h3 Bxf3 14. Qxf3
Qe6 15. Bxc6 Nxc6 16. a3 b5 17. Nd2 Rad8 18. Qe2 1/2-1/2

[Event "Sparkassen-Open J"]
[Site "Heusenstamm, Martinsee"]
[Date "2018.11.24"]
[Round "4.6"]
[White "GÃ¤rtner, Johannes"]
[Black "Meng, Yuxuan"]
[Result "0-1"]
[WhiteElo "1077"]
[BlackElo "1274"]
[PlyCount "100"]
[EventDate "2018.??.??"]
[WhiteTeam "SF Heidesheim"]
[BlackTeam "SV Walldorf"]

1. d4 d5 2. Bf4 e6 3. e3 Nf6 4. h3 c5 5. c3 Nc6 6. Nf3 Bd6 7. Bd3 Bxf4 8. exf4
Qa5 9. O-O Qb6 10. Qb3 Qa5 11. Qb5 Qxb5 12. Bxb5 cxd4 13. cxd4 Bd7 14. Re1 O-O
15. Nc3 Nb4 16. Re2 Bxb5 17. Nxb5 a6 18. Nc3 Rac8 19. a3 Nd3 20. g3 b5 21. Rd1
Nxb2 22. Rxb2 Rxc3 23. Ne5 Rxa3 24. Rc2 h6 25. Rc6 Rb8 26. Rd6 b4 27. Nc6 Rb5
28. Rb1 b3 29. Rd8+ Kh7 30. Rb8 Rxb8 31. Nxb8 a5 32. Nc6 a4 33. Nb4 Ne4 34. Nd3
Nd2 35. Rd1 Nc4 36. Rb1 Ra2 37. Nb4 Re2 38. Nd3 b2 39. Nxb2 Rxb2 40. Ra1 a3 41.
Kf1 a2 42. Kg2 Na5 43. Kf3 Nc6 44. Ke3 Nb4 45. Rc1 Rb1 46. Rc7 a1=Q 47. Kf3
Rb3+ 48. Kg4 Qd1+ 49. Kh4 Kg6 50. Rb7 Qh5# 0-1

[Event "Sparkassen-Open J"]
[Site "Heusenstamm, Martinsee"]
[Date "2018.11.24"]
[Round "4.7"]
[White "Hentschker, Josefin"]
[Black "Heuberger, Sandra"]
[Result "0-1"]
[WhiteElo "1162"]
[BlackElo "1055"]
[PlyCount "64"]
[EventDate "2018.??.??"]
[WhiteTeam "VSG Offenbach"]
[BlackTeam "SV RÃ¼dersdorf"]

1. e4 e5 2. Nf3 Nc6 3. Bc4 Nf6 4. Nc3 Nxe4 5. Nxe4 d5 6. Qe2 dxc4 7. Qxc4 Be6
8. Qb5 a6 9. Qxb7 Na5 10. Nf6+ gxf6 11. Qe4 Bg7 12. d3 c6 13. b4 Nb7 14. Qxc6+
Qd7 15. Qe4 O-O 16. O-O Nd6 17. Qh4 Nf5 18. Qh5 Rac8 19. c4 Qxd3 20. Bb2 Qd7
21. Rad1 Qe7 22. Nd2 Qxb4 23. Bc1 Qe7 24. Qf3 Nd4 25. Qd3 Rfd8 26. Qe3 Nc2 27.
Qc3 Bf5 28. Nf3 Qe6 29. Nh4 Nd4 30. Nxf5 Ne2+ 31. Kh1 Nxc3 32. Rxd8+ Rxd8 0-1

[Event "Sparkassen-Open J"]
[Site "Heusenstamm, Martinsee"]
[Date "2018.11.24"]
[Round "4.8"]
[White "Huang, Luca Hanson"]
[Black "Kuchta, Maksim"]
[Result "0-1"]
[WhiteElo "1141"]
[BlackElo "1023"]
[PlyCount "130"]
[EventDate "2018.??.??"]
[WhiteTeam "SK Mannheim-Lindenhof"]
[BlackTeam "SC Heusenstamm"]

1. e4 e5 2. Nf3 Nc6 3. Bc4 Bc5 4. c3 Nf6 5. d4 exd4 6. cxd4 Bb4+ 7. Nc3 Nxe4 8.
O-O Nxc3 9. bxc3 Bxc3 10. Rb1 O-O 11. Bf4 d6 12. Ng5 h6 13. Nf3 Bg4 14. Qd3 Ba5
15. Rfc1 Qf6 16. Be3 Bf5 17. Qe2 Bxb1 18. Rxb1 Rad8 19. d5 Ne7 20. Bd4 Qf5 21.
Bd3 Qd7 22. Qe4 f5 23. Qe6+ Qxe6 24. dxe6 c5 25. Be3 f4 26. Bc1 b6 27. Bb5 Rf6
28. Bd7 Ng6 29. Bb2 Rff8 30. h4 Kh7 31. h5 Ne7 32. Rd1 d5 33. Ne5 Rg8 34. Nf7
Rb8 35. Be5 Ra8 36. Bxf4 d4 37. g4 Bc3 38. g5 c4 39. g6+ Nxg6 40. hxg6+ Kxg6
41. Bd6 d3 42. Ne5+ Bxe5 43. Bxe5 Rad8 44. Bc7 Ra8 45. e7 Kf7 46. e8=Q+ Raxe8
47. Bxe8+ Rxe8 48. Bf4 Rd8 49. Bd2 Ke6 50. Rc1 Kd5 51. Kf1 Kd4 52. Bc3+ Ke4 53.
Ke1 h5 54. Kd2 h4 55. Rh1 Rh8 56. Rh3 Kf4 57. Bxg7 Kg4 58. Bxh8 Kxh3 59. f4 Kg4
60. Be5 h3 61. f5 Kxf5 62. Bb8 Kg4 63. Ke3 Kf5 64. a4 Ke6 65. Bf4 Kd5 0-1

[Event "Sparkassen-Open J"]
[Site "Heusenstamm, Martinsee"]
[Date "2018.11.24"]
[Round "4.9"]
[White "Laux, Filip"]
[Black "Kanno, Clara Yumi"]
[Result "0-1"]
[WhiteElo "1053"]
[BlackElo "1140"]
[PlyCount "84"]
[EventDate "2018.??.??"]
[WhiteTeam "VSG Offenbach"]
[BlackTeam "SK Altenkirchen"]

1. e4 c5 2. Nf3 d6 3. g3 Nc6 4. Bg2 Nf6 5. d3 e6 6. O-O a6 7. Be3 b5 8. c3 e5
9. Nbd2 Be7 10. Re1 Bb7 11. a3 a5 12. b3 O-O 13. c4 bxc4 14. bxc4 Nd4 15. Bxd4
cxd4 16. Rb1 Rb8 17. a4 Qc7 18. Nh4 Bc6 19. Rxb8 Rxb8 20. g4 Rb4 21. Qf3 Bd7
22. h3 h6 23. Qg3 g6 24. g5 Nh5 25. Qf3 Bxg5 26. Nf5 Bxf5 27. exf5 Bxd2 28. Re2
Rb1+ 29. Bf1 Bf4 30. fxg6 fxg6 31. Qd5+ Kg7 32. Kg2 Ra1 33. Rb2 Qd8 34. Rb7+
Kf6 35. Rf7+ Kg5 36. Qf3 Nf6 37. Be2 h5 38. h4+ Kxh4 39. Rh7 Qc8 40. Rxh5+ gxh5
41. Qg3+ Bxg3 42. fxg3+ Kg5 0-1

[Event "Sparkassen-Open J"]
[Site "Heusenstamm, Martinsee"]
[Date "2018.11.24"]
[Round "4.10"]
[White "Ã–zyar, Arin"]
[Black "Kautz, Christopher"]
[Result "1-0"]
[WhiteElo "1134"]
[BlackElo "958"]
[PlyCount "53"]
[EventDate "2018.??.??"]
[WhiteTeam "SC Bad Soden"]
[BlackTeam "SK GrÃ¼ndau"]

1. e4 e5 2. Nf3 Nc6 3. Bc4 Bc5 4. c3 Nf6 5. d4 exd4 6. cxd4 Bb6 7. Nc3 Qe7 8.
e5 d6 9. Bf4 Bf5 10. O-O Nh5 11. Bg5 f6 12. exf6 Qd7 13. d5 Na5 14. Bb5 c6 15.
dxc6 bxc6 16. Re1+ Kf7 17. Re7+ Qxe7 18. fxe7 cxb5 19. Qxd6 b4 20. Nd5 Nc4 21.
Qxb4 Rac8 22. Rc1 Kg6 23. b3 Ba5 24. Qb7 Nd6 25. Qa6 Rxc1+ 26. Bxc1 Rc8 27.
Ne5# 1-0

[Event "Sparkassen-Open J"]
[Site "Heusenstamm, Martinsee"]
[Date "2018.11.24"]
[Round "4.11"]
[White "Trenz, Finn"]
[Black "Merz, Leander"]
[Result "1-0"]
[WhiteElo "1023"]
[BlackElo "1114"]
[PlyCount "117"]
[EventDate "2018.??.??"]
[WhiteTeam "SK Gau-Algesheim"]
[BlackTeam "Schachforum Darmstadt"]

1. e4 e5 2. Nf3 Nc6 3. Bc4 Bc5 4. c3 Bd6 5. d4 Nf6 6. Bg5 h6 7. Bxf6 Qxf6 8.
Qc2 Qg6 9. O-O f6 10. Nbd2 Be7 11. Nb3 d6 12. Qd3 Bh3 13. Nh4 Qh5 14. Qxh3 g6
15. g4 Qg5 16. Nf3 Qf4 17. Bd5 h5 18. Qg3 Qh6 19. Bxc6+ bxc6 20. Na5 c5 21. d5
f5 22. g5 Qh7 23. h4 O-O 24. Nd2 fxe4 25. Nxe4 Rf4 26. f3 Qf7 27. Nc6 Kf8 28.
Nxe7 Kxe7 29. c4 Rc8 30. Kg2 c6 31. Rad1 Rb8 32. b3 Rb6 33. Rf2 a5 34. Nc3 Rd4
35. Rxd4 cxd4 36. Na4 Rb4 37. dxc6 Qe8 38. c7 Qc6 39. Re2 Qxc7 40. f4 Qc6+ 41.
Kf1 Qh1+ 42. Qg1 Qf3+ 43. Qf2 Qh3+ 44. Qg2 Qxh4 45. fxe5 Qf4+ 46. Qf2 Qxg5 47.
exd6+ Kxd6 48. Qxd4+ Kc7 49. Qe5+ Qxe5 50. Rxe5 Rb8 51. Re7+ Kd6 52. Rg7 Rf8+
53. Kg2 Rf6 54. a3 Ke5 55. b4 Kd4 56. c5 Kc4 57. Nb6+ Kb5 58. a4+ Ka6 59. b5#
1-0

[Event "Sparkassen-Open J"]
[Site "Heusenstamm, Martinsee"]
[Date "2018.11.24"]
[Round "4.12"]
[White "Pessotschinski, Lars"]
[Black "Rehbein, Vitus"]
[Result "0-1"]
[WhiteElo "1563"]
[BlackElo "1159"]
[PlyCount "60"]
[EventDate "2018.??.??"]
[WhiteTeam "TuS Makkabi"]
[BlackTeam "Sz Bemerode"]

1. e4 d6 2. d4 Nf6 3. Nc3 g6 4. Bc4 Bg7 5. Be3 O-O 6. f4 Bg4 7. Nf3 Nc6 8. O-O
e5 9. h3 exd4 10. Bxd4 Bxf3 11. Rxf3 Nxd4 12. Qxd4 Re8 13. Qd3 Qe7 14. Nd5 Nxd5
15. exd5 Qe4 16. Qxe4 Rxe4 17. Bd3 Rb4 18. b3 Bxa1 19. Bc4 c6 20. Rf1 cxd5 21.
Bxd5 Bd4+ 22. Kh2 Be3 23. Kh1 Rc8 24. c4 b5 25. Rf3 Re8 26. Bc6 Re7 27. Bxb5 d5
28. cxd5 Rxb5 29. d6 Re4 30. d7 Rd5 0-1

[Event "Sparkassen-Open J"]
[Site "Heusenstamm, Martinsee"]
[Date "2018.11.24"]
[Round "4.13"]
[White "Yang, Marco"]
[Black "Moldenhauer, Nils"]
[Result "1-0"]
[WhiteElo "1278"]
[BlackElo "1019"]
[PlyCount "79"]
[EventDate "2018.??.??"]
[WhiteTeam "SK Mannheim-Lindenhof"]
[BlackTeam "SV Oberursel"]

1. e4 e5 2. Nf3 Nc6 3. Bc4 Bc5 4. c3 Nf6 5. d4 exd4 6. cxd4 Bb4+ 7. Nc3 Nxe4 8.
O-O Nf6 9. Re1+ Ne7 10. Bd2 O-O 11. Qb3 Bd6 12. Ng5 Qe8 13. Nd5 Nfxd5 14. Bxd5
h6 15. Ne4 Qd8 16. Nxd6 cxd6 17. Be4 Nc6 18. d5 Ne5 19. Qg3 Qf6 20. Bc3 b6 21.
f4 Nf3+ 22. gxf3 Qxc3 23. bxc3 Ba6 24. Qg4 Rad8 25. Qf5 g6 26. Qf6 Bc4 27. Qxd6
Kh7 28. Rab1 Bxa2 29. Rb2 Bc4 30. Rg2 Rg8 31. f5 g5 32. Qe7 Rgf8 33. Qe5 Bb3
34. Rg3 f6 35. Qe7+ Kg8 36. Rh3 Rde8 37. Qxd7 Rd8 38. Qxa7 Ra8 39. Qxb6 Rab8
40. Qf2 1-0

[Event "Sparkassen-Open J"]
[Site "Heusenstamm, Martinsee"]
[Date "2018.11.24"]
[Round "4.14"]
[White "Matsoukas, Konstantinos"]
[Black "Czinkota, Michael"]
[Result "0-1"]
[WhiteElo "866"]
[BlackElo "1158"]
[PlyCount "50"]
[EventDate "2018.??.??"]
[WhiteTeam "Frankfurter TV"]
[BlackTeam "SC Bad Soden"]

1. e4 e5 2. Nf3 Nc6 3. g3 Bc5 4. Bg2 Nf6 5. O-O O-O 6. Nxe5 Nxe5 7. d4 Bxd4 8.
Qxd4 d6 9. Bg5 h6 10. Nc3 hxg5 11. Nd5 Nxd5 12. Qxd5 Be6 13. Qxb7 Qf6 14. Qxc7
Nf3+ 15. Kh1 Nd2 16. Rfd1 Qd4 17. Rab1 Qxf2 18. Ra1 Bg4 19. Qxd6 Bxd1 20. Rxd1
Rad8 21. Qe7 Qe2 22. Rg1 Nf3 23. Rf1 Rd1 24. Qxa7 Rxf1+ 25. Bxf1 Qxh2# 0-1

[Event "Sparkassen-Open J"]
[Site "Heusenstamm, Martinsee"]
[Date "2018.11.24"]
[Round "4.15"]
[White "Bako, Evelin"]
[Black "Culha, Merve"]
[Result "1-0"]
[WhiteElo "1002"]
[BlackElo "812"]
[PlyCount "57"]
[EventDate "2018.??.??"]
[WhiteTeam "TSV Langenau"]
[BlackTeam "SC Heusenstamm"]

1. d4 d5 2. Nf3 Nc6 3. e3 Nf6 4. Bd3 Bg4 5. Nbd2 e6 6. h3 Bh5 7. a3 e5 8. dxe5
Nxe5 9. b3 Bc5 10. Bb2 Nxf3+ 11. Nxf3 O-O 12. O-O Qe7 13. Be2 Rad8 14. b4 Bb6
15. Ne5 a5 16. Bxh5 Nxh5 17. Qxh5 Ra8 18. Qg4 axb4 19. Nc6 f6 20. Nxe7+ Kh8 21.
axb4 Rxa1 22. Rxa1 h6 23. Ng6+ Kg8 24. Nxf8 Kxf8 25. Ra8+ Kf7 26. Qd7+ Kg6 27.
Rf8 d4 28. Qg4+ Kh7 29. Rf7 1-0

[Event "Sparkassen-Open J"]
[Site "Heusenstamm, Martinsee"]
[Date "2018.11.24"]
[Round "4.16"]
[White "Vick, Edward"]
[Black "Milman, Sophie"]
[Result "1-0"]
[WhiteElo "994"]
[BlackElo "704"]
[PlyCount "41"]
[EventDate "2018.??.??"]
[WhiteTeam "TuS Makkabi Wiesbaden"]
[BlackTeam "SC Heusenstamm"]

1. d4 d5 2. c4 dxc4 3. e4 Nf6 4. Nc3 Nc6 5. Nf3 h6 6. Bxc4 e6 7. Bf4 Bb4 8. Qd3
O-O 9. O-O-O Qd7 10. e5 Ng4 11. Rdf1 Qe7 12. h3 Nf6 13. exf6 Qxf6 14. Bb3 Qxf4+
15. Kb1 Rd8 16. Qe3 Qf5+ 17. Bc2 Qh5 18. Ne5 Rd5 19. Nxd5 exd5 20. Ng4 Qh4 21.
Qe8+ 1-0

[Event "Sparkassen-Open J"]
[Site "Heusenstamm, Martinsee"]
[Date "2018.11.24"]
[Round "4.17"]
[White "Bako, Isabella"]
[Black "von Knorre, Christoph"]
[Result "0-1"]
[WhiteElo "820"]
[BlackElo "970"]
[PlyCount "92"]
[EventDate "2018.??.??"]
[WhiteTeam "TSV Langenau"]
[BlackTeam "VSG Offenbach"]

1. d4 d5 2. Nf3 Bf5 3. e3 Nf6 4. Bd3 Bxd3 5. cxd3 Nc6 6. Nc3 e6 7. e4 Bb4 8.
Bg5 h6 9. Bxf6 Qxf6 10. e5 Qf5 11. O-O O-O 12. Nd2 Qxd3 13. Nb3 Qf5 14. g4 Qf4
15. Kh1 Ba5 16. Nxa5 Nxa5 17. Rg1 Nc6 18. g5 hxg5 19. Qh5 Qxf2 20. Rxg5 g6 21.
Qh6 Qf4 22. Qh5 Rfd8 23. Rag1 Kf8 24. Qh8+ Ke7 25. Qf6+ Qxf6 26. exf6+ Kf8 27.
R1g4 a6 28. Rh4 Ke8 29. Rh8+ Kd7 30. Rh7 Rf8 31. Nxd5 exd5 32. Rxd5+ Ke6 33.
Rg5 Nxd4 34. Rg1 Nf3 35. Rd1 Rh8 36. Rxh8 Rxh8 37. Kg2 Ne5 38. Rh1 Kxf6 39. h4
g5 40. h5 Nd3 41. b3 b5 42. h6 Kg6 43. Rd1 Nf4+ 44. Kg3 Rxh6 45. Rd7 Rh3+ 46.
Kg4 f5# 0-1